00702nac a22001931u 4500022001400000082001800014090001500032100003400047110002500081245005900106260006300165300002400228500003200252511002600284650003900310942002200349999001500371952012200386 a0267-257X a658.8005bJMM c9926d9926 a20080729  aAcademy of marketing aJournal of marketing management/cAcademy of marketing aHelensburgh, Scotland :bWestburn Publishers, 2007-c2007- a1 v.:bill;c25 cm. aPublished five times a year acatalogued by: wessam aMarketingxManagement Periodicals cBBk658.8005aJMM c9926d9926 00104070aMAINbMAINc1STd2008-06-18ePurchasel2m2o658.8005 JOUp000012187r2025-07-15 00:00:00s2011-09-26yBB